Online
Catalog

Imágenes insulares : (Record no. 41931)

MARC details
000 -CABECERA
campo de control de longitud fija 02052nam a2200337 i 4500
001 - NÚMERO DE CONTROL
campo de control 000042442
003 - IDENTIFICADOR DEL NÚMERO DE CONTROL
campo de control DO-SdBNP
005 - FECHA Y HORA DE LA ÚLTIMA TRANSACCIÓN
campo de control 20250604123109.0
007 - CAMPO FIJO DE DESCRIPCIÓN FÍSICA--INFORMACIÓN GENERAL
campo de control de longitud fija ta
008 - DATOS DE LONGITUD FIJA--INFORMACIÓN GENERAL
campo de control de longitud fija 131202s2008 dr ab 000 0 spa d
020 ## - NÚMERO INTERNACIONAL ESTÁNDAR DEL LIBRO
Número Internacional Estándar del Libro 9789993467502
040 ## - FUENTE DE LA CATALOGACIÓN
Centro catalogador/agencia de origen DO-SdBNP
Lengua de catalogación spa
Centro/agencia transcriptor BNPHU
Normas de descripción rda
041 ## - CÓDIGO DE LENGUA
Código de lengua original spa
082 #4 - NÚMERO DE LA CLASIFICACIÓN DECIMAL DEWEY
Número de clasificación 912.7293
Número de documento/Ítem I31i
Número de edición 22
245 00 - MENCIÓN DE TÍTULO
Título Imágenes insulares :
Resto del título cartografía histórica dominicana /
Mención de responsabilidad, etc. compilador, José Chez Checo; fotografías, Silverio Vidal, Miriam Calzada.
264 ## - PRODUCCIÓN, PUBLICACIÓN, DISTRIBUCIÓN, FABRICACIÓN Y COPYRIGHT
Producción, publicación, distribución, fabricación y copyright Santo Domingo :
Nombre del de productor, editor, distribuidor, fabricante Banco Popular,
Fecha de producción, publicación, distribución, fabricación o copyright 2008.
300 ## - DESCRIPCIÓN FÍSICA
Extensión 418 páginas :
Otras características físicas ilustraciones, mapas ;
Dimensiones 27 cm.
336 ## - TIPO DE CONTENIDO
Término de tipo de contenido rdacontent
Código de tipo de contenido texto
Fuente txt
337 ## - TIPO DE MEDIO
Nombre/término del tipo de medio rdamedia
Código del tipo de medio sin mediación
Fuente n
338 ## - TIPO DE SOPORTE
Nombre/término del tipo de soporte rdacarrier
Código del tipo de soporte volumen
Fuente nc
500 ## - NOTA GENERAL
Nota general Incluye datos biográficos del compilador
505 ## - NOTA DE CONTENIDO CON FORMATO
Nota de contenido con formato Presentación 15 -- Prólogo 17 -- A manera de introducción 25 -- Siglas 29 -- SOBRE CARTOGRAFÍA HISTÓRICA DOMINICANA 31 -- SIGLO XV 50 -- El Cibao : encuentro de Colón con los aborígenes 53 -- SIGLO XVI 58 --Urbanismo y cartografía de la ciudad colonial 61 -- Memorias de Francis Drake. Viaje a las Antillas occidentales 79 -- SIGLO XVII 92 -- Contrabando y despoblaciones 95 -- SIGLO XVIII 130 -- El Caribe : geografía y política internacional 133 -- El marco geográfico visto por los contemporáneos 173 -- La Española : ríos y el lago de Jaragua 217 -- SIGLO XIX 250 -- El nacimiento de una República 250 -- Cartografía moderna dominicana 301 -- SIGLO XX 328 -- Modernización y desarrollo 331 -- SIGLO XXI 382 -- Apéndice 390 -- Historia de la división territorial desde el tratado de Aranjuez (1777) hasta el 1943 393 -- Datos biográficos del compilador 417
590 ## - NOTA LOCAL (RLIN)
Nota local Inventariado, 20'24/DG
650 #0 - PUNTO DE ACCESO ADICIONAL DE MATERIA--TÉRMINO DE MATERIA
Término de materia o nombre geográfico como elemento de entrada Cartografía
Subdivisión geográfica República Dominicana
Subdivisión general Historia
9 (RLIN) 77121
651 #0 - PUNTO DE ACCESO ADICIONAL DE MATERIA--NOMBRE GEOGRÁFICO
Nombre geográfico República Dominicana
Subdivisión general Historia
Subdivisión de forma Mapas
9 (RLIN) 87379
700 1# - PUNTO DE ACCESO ADICIONAL--NOMBRE DE PERSONA
Nombre de persona Vidal, Silverio
Término indicativo de función/relación fotografias
9 (RLIN) 69593
700 1# - PUNTO DE ACCESO ADICIONAL--NOMBRE DE PERSONA
Nombre de persona Calzada, Miriam
Término indicativo de función/relación fotografias
9 (RLIN) 69594
700 1# - PUNTO DE ACCESO ADICIONAL--NOMBRE DE PERSONA
Nombre de persona Chez Checo, José,
Fechas asociadas al nombre 1949-
Término indicativo de función/relación compilador
9 (RLIN) 10145
910 ## - DATOS DE OPCIÓN DEL USUARIO (OCLC)
Datos de opción del usuario DG
942 ## - ELEMENTOS DE PUNTO DE ACCESO ADICIONAL (KOHA)
Fuente del sistema de clasificación o colocación Dewey Decimal Classification
Tipo de ítem Koha Libro
Holdings
Estado de retiro Estado de pérdida Fuente del sistema de clasificación o colocación Restricciones de uso No para préstamo Código de colección Localización permanente Ubicación/localización actual Ubicación en estantería Fecha de adquisición Total de préstamos Signatura topográfica completa Código de barras Fecha visto por última vez Precio válido a partir de Tipo de ítem Koha Número de copia Fuente de adquisición Nota pública
    Dewey Decimal Classification Excluido de préstamo   Patrimonio Dominicano Biblioteca Nacional Pedro Henríquez Ureña Biblioteca Nacional Pedro Henríquez Ureña Depósito 02.12.2013   BNPHU PD 912.7293 I31i 42442-10 25.06.2020 25.06.2020 Libro      
    Dewey Decimal Classification Excluido de préstamo   Patrimonio Dominicano Biblioteca Nacional Pedro Henríquez Ureña Biblioteca Nacional Pedro Henríquez Ureña Depósito 13.07.2015   BNPHU PD 912.7293 I31i 42442-20 25.06.2020 25.06.2020 Libro e. 2    
    Dewey Decimal Classification Préstamo en sala   Dominicana de Servicio Biblioteca Nacional Pedro Henríquez Ureña Biblioteca Nacional Pedro Henríquez Ureña En catalogación 03.12.2024   BNPHU DS 912.7293 I31i 2024-6872 03.12.2024 03.12.2024 Libro e.3 Donado por la Presidencia de la República Dominicana 2023 Pertenecio a la biblioteca personal de Emilio Cordero Michel

Powered by Koha